Регионална библиотека "Любен Каравелов" - Русе

Жива земя (Запис номер 94745)

MARC детайли
000 -Лидер
Контролно поле с фиксирана дължина 01985nam a2200421 c 4500
003 - Код на организацията, давaща контролен номер
Контролно поле BLK
005 - Дата и час на последна редакция
Контролно поле 20240604102130.0
008 - Елементи от данни с фиксирана дължина
fixed length control field 180408b bul|||||r ||||||| ||bul||
010 ## - Наследен системен номер
LC control number KNG00099567000
020 ## - Международен стандартен номер на книга ISBN
Международен стандартен номер на книга ISBN 978-954-9886-18-4
-- издат.: Паритет
040 ## - Източник на каталожния запис
Идентификатор на билиотеката - собственик на записа BLK
041 ## - Код за език
Код за езика на текст/звукозапис или на отделно заглавие Български
Код за езика КДБФ Български
072 #7 - Код за тематичната категория
Код организация bullib
Код за тематична категория Н5000
Текст Екология Н
072 #7 - Код за тематичната категория
Код организация bullib
Код за тематична категория Н63
Текст Селско стопанство Н
080 ## - УДК
Текстов определител УДК Селско стопанство и въздействие на почвата
УДК код - определител по УДК 502:631/635
УДК определител (035)
УДК - код + определител 502:631/635(035)
100 1# - Редна дума - Автор
Автор Калинина, Ирина
Авторска отговорност първи автор
R(LIN) 306047
139 ## - Редно поле
Редна дума Калинина, Ирина
Авторски знак Кал - К 16
245 10 - Сведения за заглавието
Заглавие Жива земя
Подзаглавни данни Тайните на органичното земеделие
Редно поле (дума) Ирина Калинина; прев. Георги Митов.
257 ## - Страна на издаване
Страна на създаване/издаване Русия
260 ## - Област на издателските данни
-- София
Име на издателя, разпространителя и проч. Паритет
Година на издаване 2010
Печатница София : Анториери
300 ## - Физическа характеристика
Страници 153 с.
Размери/Мащаб 20 см
380 ## - Жанр
Жанр Селско стопанство
490 1# - СЕРИИ (Колекции)
Име на серия Моята градина
500 ## - Общи забележки
Забележка Ориг. загл. Живая земля. Секреты органического земледелия / Ирина Калинина. - Пълното име на прев. е Георги Митов Гоцов.
650 #4 - Допълнително описание по предмет – тема
Основно описание – тема или топоним Земеделие - екологични проблеми
9 (RLIN) 270168
650 #4 - Допълнително описание по предмет – тема
Основно описание – тема или топоним Селскостопанска продукция - екологични проблеми
9 (RLIN) 306048
653 ## - Ключова дума – ненормативна
Ключова дума земеделие
653 ## - Ключова дума – ненормативна
Ключова дума селскостопански произведения
653 ## - Ключова дума – ненормативна
Ключова дума екологични проблеми
659 ## - Тематичен бюлетин
Тематичен бюлетин Н
700 1# - Други автори (авторска отговорност)
Лично име Митов, Георги
Автороска отговорност (Описва отношението между автора и произведението) прев.
Друга информация Гоцов, Георги Митов
9 (RLIN) 374020
852 ## - Местоположение
Форматна сигнатура Цб 250890
856 4# - Електронен адрес и достъп
Електронен формат pdf - файл
Път до файла /url/
856 4# - Електронен адрес и достъп
Електронен формат pdf - файл
Път до файла /url/
942 ## - АРТИКУЛИ
Вид на библиотечния материал Книги
Скрит в OPAC Не
Koha issues (borrowed), all copies 3
944 ## - СЪЗДАВАНЕ И РЕДАКЦИЯ на ЗАПИСА
Създаване/Редакция Създаване
Дата на регистрацията/редакция 16.02.2011
Статус, дата на статуса Цветомила Тодорова
Служител, извършил регистрацията/редакцията 30576
944 ## - СЪЗДАВАНЕ И РЕДАКЦИЯ на ЗАПИСА
Създаване/Редакция Редакция
Дата на регистрацията/редакция 02.06.2016
Статус, дата на статуса ф /
Служител, извършил регистрацията/редакцията Пенка_Димитрова
999 ## - СИСТЕМНИ КОНТРОЛНИ НОМЕРА
Koha biblionumber 94745
Koha biblioitemnumber 94745
Наличности
Код за отписване Код за изгубен артикул Код за повреда Коз за рестрикции Код за отдаване Артикулен № Име на библиотеката - собственик Име на библиотеката, в която се намира в момента Статус (Текущо местоположение) Дата на вписване в системата Местоположение - отдел Цена в лева Инвентарен номер Систематично азбучна сигнатура Баркод Номер на екземпляра Цена в евро Служебна бележка Служебен тип на артикула
  Не е изгубен Не е повреден без рестрикции ползва се в читалня 151970 Регионална библиотека "Любен Каравелов" Русе Регионална библиотека "Любен Каравелов" Русе Хранилище 2011-02-16 Хранилище 8.00 120000749303 Цб 250890 120000749303 1 4.09 Дост: Dp Вид: Д N: 22 Дата: 02.06.2010 Книги
Изтеглен Не е изгубен Не е повреден без рестрикции заемане за дома 151971 Регионална библиотека "Любен Каравелов" Русе Регионална библиотека "Любен Каравелов" Русе Заемна - подръчен фонд 2012-11-21 Заемна - подръчен фонд 8.00 120000761203 П 502/К 16 120000761203 2 4.09 Дост: Pk Вид: Ф N: 820000048 Дата: 09.11.2012 Книги
  Не е изгубен Не е повреден без рестрикции заемане за дома 151972 Регионална библиотека "Любен Каравелов" Русе Регионална библиотека "Любен Каравелов" Русе Заемна - подръчен фонд 2016-05-31 Заемна - подръчен фонд 8.00 120000800578 П 502/К 16 120000800578 3 4.09 Дост: Pk Вид: Ф N: 461 Дата: 30.05.2016 Дата инв: 08.02.2018 Бележки инв: П2018 Книги
  Не е изгубен Не е повреден без рестрикции заемане за дома 151973 Регионална библиотека "Любен Каравелов" Русе Регионална библиотека "Любен Каравелов" Русе Заемна - подръчен фонд 2016-05-31 Заемна - подръчен фонд 8.00 120000800579 П 502/К 16 120000800579 4 4.09 Дост: Pk Вид: Ф N: 461 Дата: 30.05.2016 Дата инв: 08.02.2018 Бележки инв: П2018 Книги
Vip Innovations Ltd, Rousse, Bulgaria 2025